00452nam a2200181Ia 4500003000400000005001700004008004100021020001800062040000700080041000800087082001800095100004100113245004400154250000600198260003700204300001600241365001300257OSt20230413105139.0210423s2012 xx 000 0 und d a9780074620250 cAL aeng a543.0858 BANC aBANWELL (Colin N);MCCASH (Elaine M). aFundamentals of molecular spectroscopy. a4 aNew DelhibTata McGrawhillc2012 axii,308bPB b345cINR